Statistics for NBA Team USA Roster 2012 Olympics

Click here to take the quiz!

General Stats

  • This quiz has been taken 664 times
    (660 since last reset)
  • The average score is 8 of 13

Answer Stats

Players% Correct
LeBron James
98%
James Harden
91%
Kobe Bryant
85%
Kevin Durant
84%
Anthony Davis
77%
Carmelo Anthony
73%
Russell Westbrook
70%
Chris Paul
66%
Tyson Chandler
43%
Kevin Love
42%
Deron Williams
42%
Blake Griffin
33%
Andre Iguodala
25%

Score Distribution

Percentile by Number Answered

Percent of People with Each Score

Your Score History

You have not taken this quiz since the last reset